000 00344 a2200145 4500
001 154630
040 _cEscola São Tomás de Aquino
100 _aRITZKAT, Marly
240 1 0 _aA vida privada no segundo império
_lpor
245 1 0 _aA vida privada no segundo império
300 _a80
362 0 _a1999
697 _aHISTÓRIA
942 _cBK
999 _c154630
_d154630